| 000 | 00799cam a22003018i 4500 | ||
|---|---|---|---|
| 999 |
_c1677 _d1677 |
||
| 001 | 021675183 | ||
| 003 | UkOxU | ||
| 005 | 20230118140903.0 | ||
| 008 | 190404s2019 enk j 000|f|eng|d | ||
| 015 |
_aGBB9A2387 _2bnb |
||
| 016 | 7 |
_a019428845 _2Uk |
|
| 020 | _a9781788003605 (pbk.) : | ||
| 035 | _a(Uk)019428845 | ||
| 040 |
_aStDuBDS _beng _erda _cStDuBDS _dKH8 |
||
| 082 | 0 | 4 |
_a823.92 REN _223 |
| 100 | 1 |
_aRenner, Ellen, _eauthor. |
|
| 245 | 1 | 0 |
_aUnder earth / _cEllen Renner. |
| 263 | _a201908 | ||
| 264 | 1 |
_aLondon : _bNosy Crow, _c2019. |
|
| 300 |
_a1 volume ; _c20 cm. |
||
| 336 |
_atext _2rdacontent |
||
| 337 |
_aunmediated _2rdamedia |
||
| 338 |
_avolume _2rdacarrier |
||
| 490 | 0 | _aStorm witch | |
| 655 | 0 | _aFantasy fiction. | |
| 655 | 0 | _aChildren's stories. | |
| 942 |
_2ddc _cNFIC |
||